000 00652nam a2200217Ia 4500
003 GCL
008 140319s9999 xx 000 0 eng d
020 _a1878379291
040 _aGCL /
_cGCL
082 0 4 _a327.6
_bS M
100 1 _aSMOCK, DAVID R
245 1 0 _aMAKING WAR AND WAGING PEACE :
_bFOREIGN INTERVENTION IN AFRICA /
_cSMOCK, DAVID R
260 _aنيويورك :
_bUNITED STATES RESEARCH INSTITUTE FOR SOC ،
_c1993
300 _a231 CM ؛
_cVI, 291 P
650 0 4 _aAFRICA
650 0 4 _aPEACE
650 0 4 _aWAR
650 0 4 _aAFRICA - POLITICS AND GOVERNMENT - 1960
650 0 4 _aAFRICA - FOREIGN RELATIONS - 1960
942 _2ddc
_cBK
999 _c4409
_d4409